000 00831nam a2200253 i 4500
001 89625
003 ES-MaACL
005 20250804003410.0
007 t|
008 050111s1974 sp ||||1| spa d
100 1 _aLevesque, Jacques.
_971941
245 1 3 _aEl conflicto chino-soviético /
_cJacques Levesque ; [traducción de Jordi García-Jacas].
250 _a[1ª ed.].
260 _aBarcelona :
_bOikos-Tau,
_c[1974]
300 _a187 p. ;
_c18 cm.
490 1 _aColección Libros de Bolsillo "Mini-Tau" ;
_v13
651 4 _aChina-
_xRelaciones-
_zRusia.
_9153673
651 4 _aRusia-
_xRelaciones-
_zChina.
_9153674
700 1 _aGarcia-Jacas, Jordi (
_d1954-)
_9155167
830 0 0 _aLibros de bolsillo "Mini-Tau"
_v13
_9231901
852 _aES-MaACL
_jE-6694
852 _aES-MaACL
_jE-9618
999 _c89625
_d89625